Devine le rappeur 3 - Statistiques

Statistiques générales
  • Ce quiz a été pris 54 fois
  • Le résultat moyen est 4 sur 15
Statistiques - réponses
Hint Réponse % Correct
La miss Jul
57%
J’aurais pas du S crew
51%
Dehors dans la night Laylow
49%
Ta reine Angèle
47%
Les flammes Josman
45%
Mon survet Jok’air
35%
Le même sort Hamza
31%
Entre 4 murs Bekar
20%
Magnifique Booba
20%
488 Luidji
18%
Bonbon&fleur Rounhaa
18%
Blue bird Bb Jacques
16%
La lumière Zola
14%
Noyé dans mes rêves Guizmo
12%
La terre, je la dévore Georgio
8%
Aucun quiz correspondant
Distribution des résultats
% des personnes avec chaque résultat
Percentile par nombre de réponses
Votre historique - résultats
Vous n’avez pas pris ce quiz